Normal view
MARC view
Entry Nombre personal
001 - NÚMERO DE CONTROL
- campo de control: 70190
003 - IDENTIFICADOR DE NÚMERO DE CONTROL
- campo de control: OSt
005 - FECHA Y HORA DE LA ÚLTIMA TRANSACCIÓN
- campo de control: 20251003190527.0
008 - ELEMENTOS DE DATO DE LONGITUD-FIJA
- campo de control de longitud fija: 071204 n acnnnaaan n bnn d
040 ## - FUENTE DE CATALOGACIÓN
- Centro catalogador/agencia de origen: OSt
- Centro/agencia transcriptor: OSt
100 1# - ENCABEZAMIENTO-NOMBRE DE PERSONA
- Nombre de persona: Lapuya, Isidoro L.,
- Fechas asociadas al nombre: 1865-1932
400 1# - TRAZADO DE VÉASE--NOMBRE DE PERSONA
- Nombre de persona: Lopez Lapuya, Isidoro (
- Fechas asociadas al nombre: 1865-1932)
400 1# - TRAZADO DE VÉASE--NOMBRE DE PERSONA
- Nombre de persona: López Lapuya, I. (
- Fechas asociadas al nombre: 1865-1932)
